• 首页
  • 本馆介绍
  • 公告通知
  • 最新文献
  • 馆藏检索
  • 电子资源
  • 读者导购
  • 参考咨询
  • 我的图书馆
  • 登录
  • 详细信息显示
  • 放入我的书架
  • 预约/预借图书
  • 作者相关作品
  • 分类相关作品
  • 丛书相关作品
  • 出版社相关作品

书目信息

  • 表格格式
  • 工作单格式
  • 卡片格式
题名:
川陕革命根据地历史文献选编
    
 
作者: ;四川大学 编
分册: 下  
出版信息: 成都   四川人民出版社  1980
页数: 533-797页
开本: 19cm
丛书名: 川陕革命根据地丛书
单 册:
中图分类: K269.4
科图分类:
主题词: 中国--历史
电子资源:
ISBN:
000 00705nam2 2200241 45
001 0180003231
005 20060817171524.18
010    @dCNY0.76
091    @a11118.39
100    @a19960215d1980 em y0chiy0121 ea
101 0  @achi
102    @aCN@b510000
105    @ah z 000yy
200 10 @a川陕革命根据地历史文献选编@Achuan shan ge ming gen ju di li shi wen xian xuan bian@h下@f四川大学等编@FSi Chuan Da Xue Deng Bian
210    @a成都@c四川人民出版社@d1980
215    @a533-797页@c摹真@d19cm
225 2  @a川陕革命根据地丛书
410  0 @120010@a川陕革命根据地丛书
606 0  @a中国@x历史
690    @aK269.4@v3
711 02 @a四川大学@4编
801  0 @aCN@bNLC@c20060817
905    @dK269.4@e24:2
    
    川陕革命根据地历史文献选编.下/四川大学等编.-成都:四川人民出版社,1980
    533-797页:摹真;19cm.-(川陕革命根据地丛书)
    
    
    ISBN :CNY0.76
    
●
相关链接 在E读中查询图书 在五车中查询图书 在当当中查询图书 在豆瓣中查询图书


正题名:川陕革命根据地历史文献选编     索取号:K269.4/24:2         预约/预借

序号 登录号 条形码 馆藏地/架位号 状态 备注
1 0171715   001881002   密集书库/ [索取号:K269.4/24:2] 在馆    
2 0171716   202290877   密集书库/ [索取号:K269.4/24:2] 在馆    
3 0171717   000354431   第二样本阅览室/ [索取号:K269.4/24:2] 在馆    
4 0171718   000354440   第二借阅区/ [索取号:K269.4/24:2] 在馆    
5 0171719   001881048   密集书库/ [索取号:K269.4/24:2] 在馆    
6 0462958   204629580   密集书库/ [索取号:K269.4/24:2] 在馆    
7 0466379   204663792   密集书库/ [索取号:K269.4/24:2] 在馆    
8 0466422   204664229   密集书库/ [索取号:K269.4/24:2] 在馆    
唐山师范学院图书馆 欢迎您!
大连网信软件有限公司© 版权所有